| 000 | 00535nam a2200181Ia 4500 | ||
|---|---|---|---|
| 003 | GCL | ||
| 008 | 140319s9999 xx 000 0 eng d | ||
| 040 |
_aGCL / _cGCL |
||
| 082 | 0 | 4 |
_a615.32995 _bV B |
| 100 | 1 | _aDE VUYST,LUC | |
| 245 | 1 | 0 |
_aBACTERIOCINS OF LACTIC ACID BACTERIA: MICROBIOLOGY,GENETICS AND APPLICATIONS / _cDE VUYST,LUC |
| 700 | 1 | _aVANDAMME, ERICK J. | |
| 260 |
_a[S.N] : _bBLACKIE ACADEMIC & PROFESSIONAL ، _c1994 |
||
| 300 | _a539 | ||
| 650 | 0 | 4 | _aBACTERIOCINS |
| 650 | 0 | 4 | _aLACTIC ACID BACTERIA |
| 942 |
_2ddc _cBK |
||
| 999 |
_c22724 _d22724 |
||